HARVARD BUSINESS REVIEW ON DEVELOPING LE (Record no. 28744)

MARC details
000 -LEADER
fixed length control field 00380nam a2200133Ia 4500
008 - FIXED-LENGTH DATA ELEMENTS--GENERAL INFORMATION
fixed length control field 240624s9999 xx 000 0 und d
041 ## - LANGUAGE CODE
Language code of text/sound track or separate title eng
082 ## - DEWEY DECIMAL CLASSIFICATION NUMBER
Classification number 658.4092 HBS
100 ## - MAIN ENTRY--PERSONAL NAME
Personal name HARVARD BUSINESS SCHOOL PRESS
245 ## - TITLE STATEMENT
Title HARVARD BUSINESS REVIEW ON DEVELOPING LE
260 ## - PUBLICATION, DISTRIBUTION, ETC.
Date of publication, distribution, etc. 2004
Place of publication, distribution, etc. Boston
Name of publisher, distributor, etc. Harvard Business School Press
300 ## - PHYSICAL DESCRIPTION
Extent vii, : 182 : p. : cm. ; 21
365 ## - TRADE PRICE
Currency code
Holdings
Withdrawn status Lost status Damaged status Not for loan Home library Current library Shelving location Date acquired Cost, normal purchase price Full call number Barcode Date last seen Copy number Price effective from Koha item type
        IMTN IMTN Rack 30-B 05/18/2017 19.95 658.4092 HBS 28744 06/24/2024 66.8 06/24/2024 Books
Designed & Maintained by: LRC IMT Nagpur Contact: lrc@imtnag.ac.in© 2024. All Rights Reserved.